Museo Nacional del Virreinato, Tepotzotlán: guía oficial
Guardat en:
| Format: | Llibre |
|---|---|
| Idioma: | espanyol |
| Publicat: |
Ciudad de México
Instituto Nacional de Antropología e Historia
1981
|
| Matèries: | |
| Etiquetes: |
Afegir etiqueta
Sense etiquetes, Sigues el primer a etiquetar aquest registre!
|
MARC
| LEADER | 00000nam a2200000 a 4500 | ||
|---|---|---|---|
| 001 | UCK4571 | ||
| 003 | CL-VaPUC | ||
| 008 | 050610e19810000MX |||||||||||||||||spa|d | ||
| 082 | 0 | 4 | |a 708.972 |b MUS |2 21 |
| 245 | 1 | 0 | |a Museo Nacional del Virreinato, Tepotzotlán: guía oficial |
| 300 | |a 91 p | ||
| 942 | |c BK | ||
| 945 | |d 20050610 00:00:00 |a jcarroza | ||
| 260 | |a Ciudad de México |b Instituto Nacional de Antropología e Historia |c 1981 | ||
| 650 | 0 | |a Arte mexicano |9 368324 | |
| 650 | 0 | |a Museos de arte |9 265235 | |
| 650 | 0 | |a Catálogos |9 256258 | |
| 651 | 7 | |a TEPOTZOTLAN |2 CL-VaPUC |9 358594 | |
| 651 | 0 | |a México |9 255269 | |
| 583 | |a last modification |c 20050610 00:00:00 |k Rodrigo Vera | ||
| 999 | |c 313398 |d 313396 | ||
| 952 | |0 0 |1 0 |4 0 |6 708_972000000000000_MUS_1981 |7 0 |8 A |9 384727 |a BIBARQ |b BIBARQ |d 2019-11-22 |i 4126823 |o 708.972 MUS 1981 |p 4126823 |r 2025-01-20 |w 2019-11-22 |y BK |k ARQ | ||